00279 a2200109 4500001000700000020000600007040001100013100002500024240005800049245005300107362000900160169532 a  cMagnum aRhoden, Joao Claudio10aA escola particular e a democratizacao do ensinolpor10aA escola particular e a democratizacao do ensino0 a1899